| 000 | 00711nam a2200157 a 4500 | ||
|---|---|---|---|
| 008 | 120416s1978 ||||||||||||||||| || u | ||
| 050 | _aBF 76.5 Mas | ||
| 100 | _aMason, Emanuel J | ||
| 245 | 1 | 0 | _aUnderstanding and conducting research |
| 246 | _aapplications in education and the behavioural sciences | ||
| 260 |
_aNew York _bMcGraw-Hill _c1978 |
||
| 300 | _axiii, 411p. : ill | ||
| 350 | _a0.00 | ||
| 995 |
_aMAIN LIBRARY OPEN ACCESS _D0.00 _e000947 _FCBU-MAIN LIBRARY (Kitwe) _H2 _I0.00 _jBF 76.5 Mas _UAVAILABLE _y000947 _ZMain Library Open Access Collection |
||
| 995 |
_aMAIN LIBRARY OPEN ACCESS _D0.00 _e000948 _FCBU-MAIN LIBRARY (Kitwe) _H1 _I0.00 _jBF 76.5 Mas _UAVAILABLE _y000948 _ZMain Library Open Access Collection |
||
| 999 |
_c78443 _d78443 |
||